Disney Quizz - Statistiques

Statistiques générales
  • Ce quiz a été pris 1 207 fois
  • Le résultat moyen est 5 sur 10
Statistiques - réponses
Question Réponse % Correct
Comment s'appelle la soeur d'Anastasie Javotte
88%
Qui chante ”où se cache la vraie vie” Raiponce
88%
Dans encanto, qui a le pouvoir de transformer tout ce qu'elle veut en fleur Isabela
73%
Quel est l'animal de Fleur dans Bambi Moufette
69%
De quel couleur est Lotso dans Toy Story Rose
59%
Dans quel film Disney se trouve le personnage ”gédéon” Pinocchio
46%
Dans Peter Pan, comment s'appellent les petits frères de Wendy Georges, Jean et Michel
40%
Quel est le nom du prince dans Blanche-Neige Floriant
30%
Laquelle de ces sirènes est la soeur d'Ariel Arista
27%
Quel est le nom de la tasse ébrechée dans La Belle et la Bête Chip
11%
Aucun quiz correspondant
Distribution des résultats
% des personnes avec chaque résultat
Percentile par nombre de réponses
Votre historique - résultats
Vous n’avez pas pris ce quiz